Datum a čas kvízu
31
Celkem bodů
Celkový počet nahraných bodů na tomto kvízu bez doplňovacích otázek.
8.
Pořadí na kvízu
Konečné umístění týmu na tomto kvízu.
Zaznamenané odpovědi
| # | Otázka | Odpověď | Body | Výsledky |
|---|---|---|---|---|
| 1. | Armáda České republiky spustil... | hodnost vraníka | 0 | |
| 2. | V okolí londýnské stanice metr... | Burberry | 0 | |
| 3. | Českých sci-fi filmů nebývá ka... | Bod obnovy | 1 | |
| 4. | V pondělí byla slavnostně zahá... | v Brně | 1 | |
| 5. | Který český prvoligový fotbalo... | Viktoria Plzeň | 1 | |
| 6. | Pes jménem Argos je známý z an... | Odysseovi | 1 | |
| 7. | Jistý extravagantní umělec za... | Salvadora Dalího | 1 | |
| 8. | Dokážete přiřadit následující... | 1D 2C 3A 4B | 0 | |
| 9. | Jak se jmenuje kočka na obrázk... | Micka | 1 | |
| 10. | Sedmý prezident Spojených stát... | A | 0 |